=LDR 00000nam 2200000 4500 =001 INLIS000000000035928 =005 20130612141739 =008 ***********************************Ind** =035 ##$$0010-061300000035928 =041 ##$$a Ind =082 ##$$a 372.63 =090 ##$$a 372.63, kemp =100 ##$$a Bagus, I Gst. Ngurah =245 ##$$a Kemampuan berbahasa indonesia murid kelas vi SD di bali:mendengar dan berbicara =260 ##$$a 1981 $b Jakarta =300 ##$$a 143 hlm, 22 cm =850 ##$$a NBPNMAT